00830nam a2200229Ia 4500008004100000050001200041050001500053100002600068245018400094245002600278260003100304260001000335260001000345300001500355300002000370300001100390500005600401521001500457942000700472999001900479952010200498160517s9999 xx 000 0 und d aBF 683  b.L791 2016 aLlamas, Jann Mikko D. aEffects of self- talk on the levels of self- motivation of selcted college psychology students of southville international school and colleges with low performance in mathematics/ cJann Mikko D. Llamas. aLas Piñas, Philippines : bSISC, c2016. a58 pages : billustrations ; c28 cm. aIncludes bibliographical references and appendices. aPsychology cTH c294003d294003 001040aCLbCLcTHd2016-05-17l0oBF 683 .L791 2016pT0998r2018-05-15 00:00:00w2016-05-17yTH